[Event "Baden-ch AT2"]
[Site "Oberwinden"]
[Date "2007.04.11"]
[Round "6"]
[White "Lemke, Johannes"]
[Black "Zschoernig, Fabian"]
[Result "0-1"]
[WhiteElo "1112"]
[BlackElo "1386"]
[PlyCount "52"]
[EventDate "2007.04.07"]
[EventType "swiss"]
[EventRounds "9"]
[EventCountry "GER"]
[SourceTitle "CBM 117 Extra"]
[Source "ChessBase"]
[SourceDate "2007.05.09"]
[SourceVersion "1"]
[SourceVersionDate "2007.05.09"]
[SourceQuality "1"]

1. e4 c5 2. c4 g6 3. Nf3 Bg7 4. d3 e6 5. h4 Nc6 6. g3 Nge7 7. Nc3 0-0 8. h5 d5 9. h6 Bh8 10. Bf4 d4 11. Nb5 e5 12. Bg5 a6 13. Nd2 axb5 14. Qf3 f6 15. Bh4 g5 16. Rg1 Nb4 17. Ke2 Rxa2 18. Rb1 Ng6 19. Qh5 Be6 20. Bg2 Qd7 21. f3 gxh4 22. gxh4 Nf4+ 23. Kf2 Nxh5 24. Bh3+ Kf7 25. Bxe6+ Qxe6 26. Nb3 Nxd3+ 0-1

[Event "Baden-ch AT2"]
[Site "Oberwinden"]
[Date "2007.04.08"]
[Round "2"]
[White "Gutjahr, Wolfgang"]
[Black "Zschoernig, Fabian"]
[Result "0-1"]
[WhiteElo "846"]
[BlackElo "1386"]
[PlyCount "98"]
[EventDate "2007.04.07"]
[EventType "swiss"]
[EventRounds "9"]
[EventCountry "GER"]
[SourceTitle "CBM 117 Extra"]
[Source "ChessBase"]
[SourceDate "2007.05.09"]
[SourceVersion "1"]
[SourceVersionDate "2007.05.09"]
[SourceQuality "1"]

1. d4 Nf6 2. Nf3 b6 3. e3 Bb7 4. Bd3 e6 5. 0-0 c5 6. b3 Qc7 7. c4 Bd6 8. Ne5 Bxe5 9. dxe5 Qxe5 10. Bd2 Qxa1 11. Nc3 Qxd1 12. Rxd1 Nc6 13. a3 0-0 14. Ne4 Nxe4 15. Bxe4 Rab8 16. Bc3 Rfd8 17. Rd6 Ne7 18. f3 Bxe4 19. fxe4 Rbc8 20. Be5 Ng6 21. Bg3 Rc6 22. Rd1 a6 23. a4 Ne7 24. e5 Nf5 25. Bf4 d6 26. e4 Nd4 27. Rb1 Ne2+ 28. Kf1 Nxf4 29. Rd1 Kf8 30. g3 Ng6 31. Rc1 Nxe5 32. Ke2 d5 33. Rd1 d4 34. Kd2 Nf3+ 35. Kc2 d3+ 36. Kb2 Nxh2 37. Kc3 d2 38. Rxd2 Rxd2 39. Kxd2 Rd6+ 40. Kc3 h5 41. b4 cxb4+ 42. Kxb4 a5+ 43. Kb5 Ke7 44. c5 bxc5 45. Kxc5 Rd8 46. Kb5 Rb8+ 47. Kxa5 Kd6 48. Ka6 Kc6 49. a5 Ra8# 0-1